00348nam a22001337a 4500020001800000100001900018245002800037250000700065260004100072300001200113490004100125650002600166650002200192 a9789349750456 aSadun, Lorenzo aSix pillars of calculus a60 aTelanganabUniverisities pressc2023 axix+364 aPure and applied undergraduate texts aDifferential calculus aIntegral calculus